000 00287nam a2200109Ia 4500
008 200302s9999 xx 000 0 und d
100 _aPhyllis Lambert & Others
245 _a Opening the Gates of Eighteenth-Century Montreal
260 _bThe Mit Press
260 _c1992
300 _a93 P.,
999 _c2272
_d2272